Bonita obce a udržateľnosť rozvoja
Efektívne a dobre spravovaná obec. Ukazovatele finančnej a majetkovej bonity. Ukazovatele rozvojovej bonity. Územná a veľkostná bonita. Celková bonita za okres Skalica. Celková bonita za okres Púchov. Bonita obce ako stimul pre udržateľný rozvoj.
Na minha lista:
| Autor principal: | |
|---|---|
| Formato: | Capítulo de Livro |
| Idioma: | eslovaco |
| Assuntos: | |
| Tags: |
Sem tags, seja o primeiro a adicionar uma tag!
|
MARC
| LEADER | 00000naa$a2200000$$$4500 | ||
|---|---|---|---|
| 001 | 0235204 | ||
| 005 | 20240502083626.8 | ||
| 041 | 0 | |a slo | |
| 044 | |a CZ | ||
| 245 | 1 | 0 | |a Bonita obce a udržateľnosť rozvoja |c Elena Žárska |
| 520 | |a Efektívne a dobre spravovaná obec. Ukazovatele finančnej a majetkovej bonity. Ukazovatele rozvojovej bonity. Územná a veľkostná bonita. Celková bonita za okres Skalica. Celková bonita za okres Púchov. Bonita obce ako stimul pre udržateľný rozvoj. | ||
| 610 | 2 | 0 | |a správa verejná |
| 610 | 2 | 0 | |a samospráva miestna |
| 610 | 2 | 0 | |a obce |
| 610 | 2 | 0 | |a bonita |
| 610 | 2 | 0 | |a rozvoj trvalo udržateľný |
| 610 | 2 | 0 | |a infraštruktúra |
| 100 | 1 | |a Žárska, Elena, 1955- | |